000
00247 a2200121 4500
001
47458
040
_c
Anchieta - Aquarius
240
1
0
_a
Iemanjá
_l
por
245
1
0
_a
Iemanjá
362
0
_a
2015
650
4
_a
Literatura infanto-juvenil
942
_c
BK
999
_c
47458
_d
47458